Nemlčať: žena v literatúre

Bibliographic Details
Main Author: Frýdlová, Pavla, 1948- (Author)
Format: Article
Language:Slovak
PhysicalDescription:Fotogr.
ISSN:1210-1982
Subjects:

MARC

LEADER 00000nab a2200000 ar4500
001 vtls009953587
003 SK-MaSNL
005 20260304040535.0
008 090925c2009 xo |r|p|||||||000 b|slo
015 |a SNBRB2009/09  |2 snkbucl 
038 |a SNKBUCL 
040 |a SNKBUCL  |b slo  |c SNKBUCL  |e AACR2 
041 0 |a slo 
044 |a xo  |c SK 
080 |a 82:929:821.162.3  |2 2001 
080 |a 821.162.3:929  |2 2001 
080 |a 141.72:82  |2 2001 
080 |a 82:316  |x (437.3)  |2 2001 
080 |a 82-055.2  |2 2001 
080 |a 82:396  |2 2001 
080 |a 396:82  |2 2001 
100 1 |a Frýdlová, Pavla,  |d 1948-  |4 aut  |9 7409 
245 1 0 |a Nemlčať: žena v literatúre  |c Pavla Frýdlová 
300 |b Fotogr. 
500 |a Redakčná poznámka 
648 7 |a 21. stor.  |2 snkbucl  |9 304714 
650 0 7 |a české spisovateľky  |2 snkbucl  |9 93383 
650 0 7 |a feminizmus a literatúra  |2 snkbucl  |9 103114 
650 0 7 |a literatúra písaná ženami  |2 snkbucl  |9 98218 
651 7 |a Česko  |2 snkbucl  |9 16753 
655 7 |a ankety  |2 snkbucl  |9 54526 
773 0 |t Knižná revue  |g Roč. XIX, č. 18 (2009), s. 11  |x 1210-1982 
852 |a SNK  |b KIS3GCP 
958 |a LX 
958 |a CZ 
999 |c 2663798  |d 2665728